00373 2200157 4500001002100000005001500021035002000036245002900056100001300085300002600098260003500124082000800159084001400167020002200181990001200203INLIS00000000000297920250917024819 a0010-09250003261 aSmfoni Cinta /cKhairani0 aKhairani a296 hlm ;c13 x 19 cm aJakarta :bRumah Oranye,c2013 a813 a813 KHA s a978-602-1588-36-9 a0755654